Out of This World : (Record no. 6673)

MARC details
000 -LEADER
fixed length control field 00703nam a22002297a 4500
003 - CONTROL NUMBER IDENTIFIER
control field OSt
005 - DATE AND TIME OF LATEST TRANSACTION
control field 20251203083751.0
008 - FIXED-LENGTH DATA ELEMENTS--GENERAL INFORMATION
fixed length control field 251201b |||||||| |||| 00| 0 eng d
020 ## - INTERNATIONAL STANDARD BOOK NUMBER
International Standard Book Number 9780716662648
040 ## - CATALOGING SOURCE
Original cataloging agency DWCL - Main
Transcribing agency OC
082 ## - DEWEY DECIMAL CLASSIFICATION NUMBER
Classification number GR 523.1 Ou93 2017
100 ## - MAIN ENTRY--PERSONAL NAME
Personal name Adams, William D.
Relator term Author
245 ## - TITLE STATEMENT
Title Out of This World :
Remainder of title Second-Skin Space Suit /
Statement of responsibility, etc. William D. Adams
260 ## - PUBLICATION, DISTRIBUTION, ETC.
Place of publication, distribution, etc. Chicago, Illinois:
Name of publisher, distributor, etc. World Book, Inc.,
Date of publication, distribution, etc. c2017
300 ## - PHYSICAL DESCRIPTION
Extent 48 pages:
Other physical details colored illustrations;
Dimensions 26 cm
490 ## - SERIES STATEMENT
Series statement Out of This World
504 ## - BIBLIOGRAPHY, ETC. NOTE
Bibliography, etc. note Includes index.
650 ## - SUBJECT ADDED ENTRY--TOPICAL TERM
Topical term or geographic name entry element 1. Space Flight
650 ## - SUBJECT ADDED ENTRY--TOPICAL TERM
Topical term or geographic name entry element 2. Space Travel
650 ## - SUBJECT ADDED ENTRY--TOPICAL TERM
Topical term or geographic name entry element 3. Starships -- Juvenile Literature
942 ## - ADDED ENTRY ELEMENTS (KOHA)
Source of classification or shelving scheme Dewey Decimal Classification
Koha item type General Reference
Suppress in OPAC No
952 ## - LOCATION AND ITEM INFORMATION (KOHA)
--
Holdings
Withdrawn status Lost status Source of classification or shelving scheme Damaged status Not for loan Home library Current library Shelving location Date acquired Source of acquisition Total Checkouts Full call number Barcode Date last seen Copy number Price effective from Koha item type Uniform Resource Identifier
    Dewey Decimal Classification     Junior High School Library Junior High School Library General Reference 12/02/2022 Library Fund   GR 523.1 Ou93 2017 JHS - 21014 12/01/2025 c1 12/01/2025 GR